| 000 | 00865cpcaa22002537a 4500 | ||
|---|---|---|---|
| 001 | mm 80002405 | ||
| 003 | DLC | ||
| 005 | 20260227111700.0 | ||
| 008 | 800204|||||||||||| eng | ||
| 010 | _amm 80002405 | ||
| 040 |
_aDLC _cDLC _dDLC _edacs |
||
| 072 | 7 |
_aS _2lcmd |
|
| 100 | 1 |
_aYoung, Charles A. _q(Charles Augustus), _d1834-1908. |
|
| 245 | 0 | 0 |
_aCharles A. Young correspondence, _f1873 March 20. |
| 300 |
_a1 _fitem. |
||
| 506 | 0 | _aOpen to research. | |
| 545 | 0 | _aEducator and scientist. | |
| 546 | _aCollection material in English. | ||
| 580 | _aForms part of: Miscellaneous Manuscripts collection. | ||
| 656 | 7 |
_aEducators. _2itoamc |
|
| 656 | 7 |
_aScientists. _2itoamc |
|
| 999 |
_c42594 _d42594 |
||